Entry Nombre personal
001 - NÚMERO DE CONTROL
- campo de control: 234566
003 - IDENTIFICADOR DE NÚMERO DE CONTROL
- campo de control: SpMaBN
005 - FECHA Y HORA DE LA ÚLTIMA TRANSACCIÓN
- campo de control: 20231114185423.0
008 - ELEMENTOS DE DATO DE LONGITUD-FIJA
- campo de control de longitud fija: 180115n|#azznnaabn |n aaa ##
024 7# - IDENTIFICADOR DE OTROS ESTÁNDARES
- Número estándar o código: http://viaf.org/viaf/4151836429820400491/
- Fuente: viaf
040 ## - FUENTE DE CATALOGACIÓN
- Centro catalogador/agencia de origen: SpMaBN
- Lengua de catalogación: spa
- Centro/agencia transcriptor: SpMaBN
- Normas de descripción: rdc
- Convención/Normas de encabezamiento de materia/tesauro: embne
046 ## - FECHAS CON CODIFICACIÓN ESPECIAL
- Fecha de nacimiento: 1982
100 1# - ENCABEZAMIENTO-NOMBRE DE PERSONA
- Nombre de persona: Vicente, María José,
- Fechas asociadas al nombre: 1982-
375 ## - GÉNERO/SEXO
- Género: Femenino
400 1# - TRAZADO DE VÉASE--NOMBRE DE PERSONA
- Nombre de persona: Vicente Vicente, María José,
- Fechas asociadas al nombre: 1982-
670 ## - FUENTE DE DATOS ENCONTRADOS
- Cita de la fuente: A vueltas con el proteccionismo en un mundo en crisis, 2017
- Información encontrada: port. (María José Vicente) p. 4 de la cub. (n. 1982, Hellín. Licenciada en Ciencias Políticas y de la Administración, en Derecho, diplomada en Marketing y Publicidad, cm estudios de Sociología por la universidad de Estocolmo y Doctora Cum Laude por la Universidad Complutense de Madrid)
